000 00536nam a22001817a 4500
003 KOHA_MİRAKIL
005 20251209085813.0
008 251209b tu ||||| |||| 00| 0 tur d
020 _a9786258352603
040 _aTR-AnABB
_btur
_cTR-AnABB
041 _atur
082 _a333.79
_bALT 2023
245 1 0 _aAlternatif enerji kaynakları ve doğal gaz lojistiği raporu /
260 _aAnkara :
_bTürkiye Bilimler Akademisi,
_c2023
300 _a133 sayfa ;
_c23 cm
650 0 4 _aAlternatif enerji kaynakları
942 _2ddc
_cBK
999 _c9710
_d9710
900 _bGizem YORULMAZ